00330pab a2200121 454500008004000000100001600040245006500056260000900121300001000130362001400140650001400154773004000168180718b1991 xxu||||| |||| 00| 0 eng d aGupta, V.P. aSpiritual socialism as conceptualised by Sri Sathya Sai Baba c1991 a15-23 aJan.-Mar. aSocialism aIndian Journal of Political Science